[Event "DEM U14w 2009"]
[Site "Willingen GER"]
[Date "2009.05.31"]
[Round "1"]
[White "Kostré, Margarita"]
[Black "Lehmann, Patricia"]
[Result "1-0"]
[Termination "normal"]
[Board "7"]
[WhiteElo "1747"]
[BlackElo "1378"]
[PlyCount "71"]
[WhiteFideId "4673344"]
[BlackFideId "12900060"]
[EventCountry "GER"]
[EventRounds "9"]
[EventType "swiss"]
[EventDate "2009.05.30"]

1. e4 c5 2. Nf3 d6 3. d4 cxd4 4. Nxd4 Nf6 5. Nc3 g6 6. Be3 Bg7 7. Be2 O-O 8.
O-O Bd7 9. Qd2 Nc6 10. Nb3 a6 11. f4 Rc8 12. h3 Qc7 13. Kh1 b5 14. a3 Rb8 15.
g4 Rfe8 16. g5 Nxe4 17. Nxe4 Bxh3 18. Rf3 Bg4 19. Rg3 Bxe2 20. Qxe2 Bxb2 21.
Ra2 Bg7 22. Rh3 f5 23. Ng3 e5 24. Qd2 Rbd8 25. Qd5+ Kh8 26. c4 bxc4 27. Rah2 h6
28. gxh6 Bf8 29. Bb6 Qxb6 30. Qf7 Re7 31. Qf6+ Kh7 32. Nxf5 Red7 33. Rg3 Ne7
34. Nxe7 Qb7+ 35. Rgg2 Rxe7 36. Qxg6+ 1-0

[Event "DEM U14w 2009"]
[Site "Willingen GER"]
[Date "2009.05.31"]
[Round "1"]
[White "Lange, Anika"]
[Black "Kuckling, Hannah"]
[Result "0-1"]
[Termination "normal"]
[Board "8"]
[WhiteElo "1275"]
[BlackElo "1525"]
[PlyCount "130"]
[WhiteFideId "24693405"]
[BlackFideId "24603660"]
[EventCountry "GER"]
[EventRounds "9"]
[EventType "swiss"]
[EventDate "2009.05.30"]

1. e4 Nf6 2. Nc3 d5 3. exd5 Nxd5 4. Bc4 e6 5. d4 Nxc3 6. bxc3 Be7 7. Nf3 O-O 8.
O-O b6 9. Bf4 Bb7 10. Re1 Nd7 11. h3 Nf6 12. Qd3 Nd5 13. Bg3 c5 14. Bxd5 Bxd5
15. c4 Bxf3 16. Qxf3 Qxd4 17. Qe2 Qd7 18. c3 Rad8 19. Rad1 Qc6 20. a3 h6 21.
Qg4 Bd6 22. Kh1 Bxg3 23. Qxg3 Rd7 24. Qg4 Rfd8 25. Rxd7 Qxd7 26. Kg1 Qd2 27.
Re3 Qd1+ 28. Qxd1 Rxd1+ 29. Kh2 Kf8 30. Rg3 g5 31. Re3 Ke7 32. g3 Rd2 33. Kg2
f5 34. Kf1 Ra2 35. Rd3 Rxa3 36. Kg1 Ra4 37. Kf1 Rxc4 38. Ke1 a5 39. Kd1 Ra4 40.
Kc2 Ra2+ 41. Kb3 Rxf2 42. Ka4 Rb2 43. Ka3 Rb1 44. Ka2 Rb5 45. Ka3 c4 46. Re3
Rd5 47. Kb2 Rd3 48. Re1 Rxg3 49. Rh1 e5 50. h4 g4 51. Re1 e4 52. Rf1 Ke6 53.
Rd1 Rd3 54. Re1 Ke5 55. Rf1 e3 56. Re1 f4 57. Kc2 f3 58. h5 f2 59. Rf1 e2 60.
Rxf2 e1=Q 61. Rg2 Qd1+ 62. Kb2 Qb3+ 63. Kc1 Rxc3+ 64. Kd2 Qb2+ 65. Kd1 Rc1# 0-1

[Event "DEM U14w 2009"]
[Site "Willingen GER"]
[Date "2009.05.31"]
[Round "1"]
[White "Gamisch, Laura"]
[Black "Puffay, Jana"]
[Result "1-0"]
[Termination "normal"]
[Board "9"]
[WhiteElo "1744"]
[BlackElo "1204"]
[PlyCount "87"]
[WhiteFideId "24615161"]
[BlackFideId "24692360"]
[EventCountry "GER"]
[EventRounds "9"]
[EventType "swiss"]
[EventDate "2009.05.30"]

1. e4 c5 2. c3 Nc6 3. d4 cxd4 4. cxd4 e6 5. Nf3 Nf6 6. Bd3 Bb4+ 7. Nc3 Qa5 8.
Bd2 O-O 9. a3 Bxc3 10. Bxc3 Qc7 11. O-O d6 12. Rc1 Qe7 13. h3 Bd7 14. Re1 Qd8
15. Bf1 d5 16. e5 Ne4 17. Bd3 Nxc3 18. Rxc3 f6 19. Bb1 fxe5 20. dxe5 Rc8 21.
Qd3 g6 22. Qd2 Qe7 23. Rd1 Qg7 24. Qe3 Rf7 25. Ng5 Rff8 26. Nf3 Rf7 27. Rdc1 b6
28. h4 h6 29. Re1 Ne7 30. Rxc8+ Bxc8 31. Nd4 Nf5 32. Bxf5 gxf5 33. Qc3 Rc7 34.
Qe3 Kh7 35. f4 Qg4 36. g3 Rg7 37. Kh2 Rc7 38. Rc1 Qg7 39. Nb5 Rxc1 40. Qxc1 Ba6
41. Nc7 Bc8 42. Ne8 Qb7 43. Nd6 Qa6 44. Qc7+ 1-0

[Event "DEM U14w 2009"]
[Site "Willingen GER"]
[Date "2009.05.31"]
[Round "1"]
[White "Röhlich, Anna"]
[Black "Rethmann, Kristin"]
[Result "0-1"]
[Termination "normal"]
[Board "10"]
[WhiteElo "1175"]
[BlackElo "1748"]
[PlyCount "56"]
[BlackFideId "24655805"]
[EventCountry "GER"]
[EventRounds "9"]
[EventType "swiss"]
[EventDate "2009.05.30"]

1. e4 Nf6 2. e5 Nd5 3. c4 Nb6 4. d4 d6 5. exd6 cxd6 6. Nc3 Nc6 7. Be3 g6 8. Rc1
Bg7 9. b3 O-O 10. Be2 Bd7 11. Nf3 e6 12. O-O Nc8 13. d5 Ne5 14. Nxe5 dxe5 15.
f4 exd5 16. cxd5 Nd6 17. fxe5 Bxe5 18. Qd2 Rc8 19. Bd4 Re8 20. Bxe5 Rxe5 21.
Bf3 Qh4 22. Rfe1 Rxe1+ 23. Rxe1 Bf5 24. Rf1 Be4 25. a4 Bxf3 26. Rxf3 Qb4 27.
Qb2 Qd4+ 28. Kf1 Ne4 0-1

[Event "DEM U14w 2009"]
[Site "Willingen GER"]
[Date "2009.05.31"]
[Round "1"]
[White "Schmitt, Katrin"]
[Black "Schünemann, Anne"]
[Result "1-0"]
[Termination "normal"]
[Board "11"]
[WhiteElo "1606"]
[BlackElo "1102"]
[PlyCount "53"]
[WhiteFideId "24654400"]
[EventCountry "GER"]
[EventRounds "9"]
[EventType "swiss"]
[EventDate "2009.05.30"]

1. e4 c6 2. d4 d5 3. exd5 cxd5 4. Bd3 Nf6 5. h3 Nc6 6. c3 e6 7. Nf3 Bd7 8. O-O
Rc8 9. Bg5 Be7 10. Re1 Qb6 11. Qe2 g6 12. Ne5 O-O 13. Bxf6 Bxf6 14. Nxd7 Nxd4
15. Nxf6+ Kh8 16. cxd4 Qxd4 17. Qe5 Qxd3 18. Ne8+ f6 19. Nxf6 Rf7 20. Ne8+ Kg8
21. Nd6 Rcf8 22. Qxe6 Qd4 23. Nxf7 Rxf7 24. Qe2 Qh4 25. Nd2 Re7 26. Qxe7 Qxe7
27. Rxe7 1-0

[Event "DEM U14w 2009"]
[Site "Willingen GER"]
[Date "2009.05.31"]
[Round "1"]
[White "Liez, Franziska"]
[Black "Berger, Nadja"]
[Result "0-1"]
[Termination "normal"]
[Board "12"]
[WhiteElo "1037"]
[BlackElo "1598"]
[PlyCount "92"]
[WhiteFideId "1271766"]
[BlackFideId "24692212"]
[EventCountry "GER"]
[EventRounds "9"]
[EventType "swiss"]
[EventDate "2009.05.30"]

1. e4 c5 2. Nf3 e6 3. g3 d5 4. Nc3 Nf6 5. d3 Nc6 6. Bg2 Be7 7. O-O O-O 8. Re1
h6 9. d4 dxe4 10. Nxe4 cxd4 11. Nfd2 Qc7 12. Nb3 Rd8 13. Qf3 Nh7 14. c3 dxc3
15. Nxc3 Ng5 16. Qh5 Bf6 17. h4 Nh7 18. Be4 Nd4 19. Bxh6 gxh6 20. Qxh6 Nf5 21.
Qh5 Bg7 22. g4 Nf6 23. Qg5 Nxe4 24. Nxe4 Nh6 25. Rac1 Qb6 26. a4 Bd7 27. Nbc5
e5 28. Nxd7 Rxd7 29. Nc5 Rd4 30. f3 Rd5 31. Qe3 Rc8 32. b4 a5 33. bxa5 Qa7 34.
Kg2 Rdxc5 35. g5 Rc2+ 36. Rxc2 Rxc2+ 37. Kh3 Qxe3 38. Rxe3 Nf5 39. Re4 Rc5 40.
Kg4 Nd4 41. f4 Rxa5 42. fxe5 Rxa4 43. h5 b5 44. h6 Bh8 45. Kh5 Nf5 46. Re1 Rh4#
0-1

[Event "DEM U14w 2009"]
[Site "Willingen GER"]
[Date "2009.05.31"]
[Round "1"]
[White "Zeller, Elisa"]
[Black "Ludwig, Maria"]
[Result "1-0"]
[Termination "normal"]
[Board "13"]
[WhiteElo "1662"]
[BlackElo "887"]
[PlyCount "37"]
[WhiteFideId "24662410"]
[BlackFideId "24655791"]
[EventCountry "GER"]
[EventRounds "9"]
[EventType "swiss"]
[EventDate "2009.05.30"]

1. e4 e6 2. d4 d5 3. exd5 exd5 4. Nf3 Nf6 5. Bd3 b6 6. O-O c5 7. c4 Nc6 8. dxc5
Bxc5 9. cxd5 Qxd5 10. Nc3 Qd8 11. Qe2+ Ne7 12. Bb5+ Bd7 13. Rd1 O-O 14. Bg5 Ng4
15. Rxd7 Qb8 16. Bxe7 Rc8 17. Bxc5 bxc5 18. Rad1 Re8 19. Qc4 1-0

[Event "DEM U14w 2009"]
[Site "Willingen GER"]
[Date "2009.05.31"]
[Round "2"]
[White "Gamisch, Laura"]
[Black "Schäfer, Daniela"]
[Result "0-1"]
[Termination "normal"]
[Board "1"]
[WhiteElo "1744"]
[BlackElo "1905"]
[PlyCount "56"]
[WhiteFideId "24615161"]
[BlackFideId "4624769"]
[EventCountry "GER"]
[EventRounds "9"]
[EventType "swiss"]
[EventDate "2009.05.30"]

1. d4 d6 2. c4 g6 3. Nc3 Bg7 4. e4 e5 5. d5 f5 6. Bd3 Nf6 7. Qc2 f4 8. Bd2 O-O
9. O-O-O Na6 10. a3 Nc5 11. h3 a5 12. Nf3 a4 13. Kb1 Bd7 14. Rdf1 Qc8 15. Ng1
Rf7 16. g4 fxg3 17. fxg3 Nfxe4 18. Nxe4 Rxf1+ 19. Bxf1 Nxe4 20. Be1 Nc5 21. g4
Qf8 22. Bd3 Qf4 23. Qe2 e4 24. Bc2 Rf8 25. Ka2 Qf1 26. Qxf1 Rxf1 27. Bh4 e3 28.
b4 Ra1# 0-1

[Event "DEM U14w 2009"]
[Site "Willingen GER"]
[Date "2009.05.31"]
[Round "2"]
[White "Rethmann, Kristin"]
[Black "Tran, My Linh"]
[Result "1-0"]
[Termination "normal"]
[Board "2"]
[WhiteElo "1748"]
[BlackElo "1813"]
[PlyCount "143"]
[WhiteFideId "24655805"]
[BlackFideId "24682462"]
[EventCountry "GER"]
[EventRounds "9"]
[EventType "swiss"]
[EventDate "2009.05.30"]

1. e4 e5 2. Nf3 Nc6 3. Bb5 a6 4. Bxc6 dxc6 5. O-O Bg4 6. h3 h5 7. d3 Qf6 8. Be3
Ne7 9. Nbd2 Bd7 10. c3 Ng6 11. d4 Bd6 12. Nc4 Qe7 13. dxe5 Nxe5 14. Ncxe5 Bxe5
15. Nxe5 Qxe5 16. Bd4 Qg5 17. Qc1 Qg6 18. Kh1 O-O-O 19. Qf4 Rhg8 20. Be5 Rde8
21. f3 Qe6 22. Bxc7 g5 23. Qd6 g4 24. h4 gxf3 25. gxf3 Qh3+ 26. Qh2 Rg2 27.
Qxh3 Bxh3 28. Ba5 Rxb2 29. Rg1 c5 30. Rab1 Rxa2 31. Bb6 c4 32. Rg3 Be6 33. Rg5
Rc2 34. Bd4 b5 35. Rxh5 Rg8 36. Rg1 Rxg1+ 37. Kxg1 Kd7 38. Rh8 a5 39. Rb8 Rb2
40. h5 Rb1+ 41. Kg2 Rb2+ 42. Kg3 Rb1 43. h6 Rh1 44. Be3 b4 45. cxb4 axb4 46.
Rxb4 Ke7 47. Rb2 Rh3+ 48. Kg2 Kf6 49. Rb1 Kg6 50. Rh1 Rxh1 51. Kxh1 f5 52. Kg2
Bg8 53. Kg3 Bh7 54. Bf4 Kf6 55. e5+ Kg6 56. Kf2 Bg8 57. Ke3 Kf7 58. Kd4 Ke7 59.
Kc5 Kd7 60. Be3 f4 61. Bxf4 c3 62. Bc1 Ke6 63. f4 Bh7 64. Kc6 Bf5 65. Kc7 Ke7
66. Ba3+ Ke6 67. Kd8 Kf7 68. Bb4 c2 69. Ba3 Be4 70. Kd7 Bf5+ 71. Kd6 Bh3 72.
Bb2 1-0

[Event "DEM U14w 2009"]
[Site "Willingen GER"]
[Date "2009.05.31"]
[Round "2"]
[White "Schmitt, Katrin"]
[Black "Kühnel, Lena"]
[Result "0-1"]
[Termination "normal"]
[Board "3"]
[WhiteElo "1606"]
[BlackElo "1728"]
[PlyCount "106"]
[WhiteFideId "24654400"]
[BlackFideId "24640956"]
[EventCountry "GER"]
[EventRounds "9"]
[EventType "swiss"]
[EventDate "2009.05.30"]

1. e4 e5 2. Nf3 Nc6 3. Bc4 Nf6 4. d3 Bc5 5. c3 d6 6. Bb3 a6 7. Nbd2 O-O 8. Nf1
Ba7 9. Bg5 Qe7 10. Qe2 Nd8 11. Ne3 c6 12. h3 Ne6 13. Nf5 Qd8 14. Bd2 Nc5 15.
Bc2 Bxf5 16. exf5 e4 17. Nd4 Re8 18. Be3 exd3 19. Bxd3 Nxd3+ 20. Qxd3 Nd5 21.
O-O-O Nxe3 22. fxe3 Qg5 23. g4 Qxe3+ 24. Kc2 Bxd4 25. Qxd4 Qxd4 26. Rxd4 d5 27.
Rd2 Re4 28. Rhh2 Rae8 29. Rdf2 R8e5 30. Kd2 Kf8 31. f6 g6 32. Rf3 Ke8 33. Rhf2
Kd7 34. Kd3 Ke6 35. b3 c5 36. Kd2 d4 37. Rd3 Kd5 38. Rg3 Re3 39. c4+ Ke6 40.
Rgf3 Rxf3 41. Rxf3 h5 42. gxh5 Rxh5 43. Kd3 Rf5 44. Rg3 Kxf6 45. Ke4 g5 46. a3
a5 47. b4 Rf4+ 48. Kd5 Rf5+ 49. Ke4 Re5+ 50. Kd3 Re3+ 51. Rxe3 dxe3 52. Kxe3
axb4 53. axb4 cxb4 0-1

[Event "DEM U14w 2009"]
[Site "Willingen GER"]
[Date "2009.05.31"]
[Round "2"]
[White "Pohl, Theresa"]
[Black "Zeller, Elisa"]
[Result "1/2-1/2"]
[Termination "normal"]
[Board "4"]
[WhiteElo "1700"]
[BlackElo "1662"]
[PlyCount "49"]
[BlackFideId "24662410"]
[EventCountry "GER"]
[EventRounds "9"]
[EventType "swiss"]
[EventDate "2009.05.30"]

1. d4 d6 2. c4 g6 3. Nc3 Bg7 4. e4 Nd7 5. f4 e5 6. d5 Ne7 7. Bd3 O-O 8. Nge2
exf4 9. Bxf4 Ne5 10. O-O Nxd3 11. Qxd3 f5 12. Qd2 fxe4 13. Nxe4 Nf5 14. N4g3
Qh4 15. Nxf5 Bxf5 16. Nd4 Bd7 17. Rae1 Rae8 18. Rxe8 Rxe8 19. Nf3 Qf6 20. b3
Qc3 21. Qxc3 Bxc3 22. Bh6 Bg7 23. Bxg7 Kxg7 24. Ng5 Re7 25. Nf3 1/2-1/2

[Event "DEM U14w 2009"]
[Site "Willingen GER"]
[Date "2009.05.31"]
[Round "2"]
[White "Berger, Nadja"]
[Black "Kostré, Margarita"]
[Result "0-1"]
[Termination "normal"]
[Board "5"]
[WhiteElo "1598"]
[BlackElo "1747"]
[PlyCount "78"]
[WhiteFideId "24692212"]
[BlackFideId "4673344"]
[EventCountry "GER"]
[EventRounds "9"]
[EventType "swiss"]
[EventDate "2009.05.30"]

1. b3 Nf6 2. Bb2 d6 3. f4 g6 4. Nf3 Bg7 5. e3 O-O 6. d4 Bf5 7. Bd3 Qd7 8. O-O
c5 9. Nbd2 Bxd3 10. cxd3 Nd5 11. Qe2 Nc6 12. Nc4 cxd4 13. Nxd4 Nxd4 14. Bxd4
Bxd4 15. exd4 Rac8 16. Rae1 b5 17. Na3 Rc7 18. Rf3 Rfc8 19. Qd2 Qc6 20. f5 Qb6
21. Kf1 Qa6 22. Nb1 Rc2 23. Qg5 Nf6 24. Rxe7 Rc1+ 25. Re1 Rxe1+ 26. Kxe1 Qxa2
27. Nd2 Qa1+ 28. Ke2 Nd5 29. fxg6 Re8+ 30. Ne4 Nc3+ 31. Kf2 Nxe4+ 32. dxe4
Qxd4+ 33. Kg3 fxg6 34. Qxb5 Qxe4 35. Qd7 Qe1+ 36. Kf4 Qe5+ 37. Kg4 Qh5+ 38. Kg3
Qe5+ 39. Kf2 Qe1# 0-1

[Event "DEM U14w 2009"]
[Site "Willingen GER"]
[Date "2009.05.31"]
[Round "2"]
[White "Kuckling, Hannah"]
[Black "Polert, Annika"]
[Result "1-0"]
[Termination "normal"]
[Board "6"]
[WhiteElo "1525"]
[BlackElo "1487"]
[PlyCount "112"]
[WhiteFideId "24603660"]
[BlackFideId "24692328"]
[EventCountry "GER"]
[EventRounds "9"]
[EventType "swiss"]
[EventDate "2009.05.30"]

1. e4 e6 2. d4 d5 3. Nd2 dxe4 4. Nxe4 Nf6 5. Bg5 Be7 6. Nxf6+ Bxf6 7. Bxf6 Qxf6
8. Nf3 Nd7 9. Bd3 O-O 10. O-O c5 11. c3 cxd4 12. Nxd4 Ne5 13. Bc2 Bd7 14. Re1
Rfd8 15. Bxh7+ Kxh7 16. Qh5+ Qh6 17. Qxe5 Kg8 18. Rad1 Rac8 19. h3 b6 20. Qe2
Qg6 21. Nf3 Bc6 22. Qe3 Rxd1 23. Rxd1 Qc2 24. Qd2 Qg6 25. Qe2 Bd5 26. Nh4 Qh7
27. c4 Bc6 28. Nf3 Qg6 29. b3 Rb8 30. Rd4 Bxf3 31. Qxf3 Qb1+ 32. Kh2 Qxa2 33.
Rh4 f6 34. Qh5 Rf8 35. Qf3 Qa6 36. Qc6 Qc8 37. Qxc8 Rxc8 38. Rd4 Rc7 39. Kg3
Kf7 40. Kf3 Ke7 41. Ke4 Rd7 42. b4 Rxd4+ 43. Kxd4 a5 44. bxa5 bxa5 45. Kc5 Kd7
46. Kb5 f5 47. f4 a4 48. Kxa4 Kc6 49. Kb4 g6 50. g3 Kb6 51. c5+ Kc6 52. Kc4 Kd7
53. Kb5 g5 54. Kb6 Kc8 55. Kc6 g4 56. h4 e5 1-0

[Event "DEM U14w 2009"]
[Site "Willingen GER"]
[Date "2009.05.31"]
[Round "2"]
[White "Düssler, Stefanie"]
[Black "Schätz, Bianca"]
[Result "0-1"]
[Termination "normal"]
[Board "7"]
[WhiteElo "1681"]
[BlackElo "1458"]
[PlyCount "76"]
[WhiteFideId "4634780"]
[BlackFideId "24655821"]
[EventCountry "GER"]
[EventRounds "9"]
[EventType "swiss"]
[EventDate "2009.05.30"]

1. e4 c5 2. Nc3 e6 3. Bc4 g6 4. f4 Bg7 5. Nf3 Ne7 6. d3 Nbc6 7. O-O d5 8. Bb3
O-O 9. Qe1 Nd4 10. Nxd4 cxd4 11. Ne2 dxe4 12. dxe4 Qb6 13. Kh1 Bd7 14. Ng3 Bb5
15. Rf2 Qc7 16. f5 exf5 17. exf5 Be5 18. fxg6 hxg6 19. Bh6 Bg7 20. Bxg7 Kxg7
21. Qb4 Qd7 22. Rd1 Rad8 23. Rfd2 Nf5 24. Nxf5+ Qxf5 25. Rxd4 Rxd4 26. Qxd4+
Kh7 27. Qxa7 Bc6 28. Qg1 Qg4 29. Rd4 Bxg2+ 30. Qxg2 Qxd4 31. c3 Qd7 32. Qd5 Qe7
33. Qf3 Kg7 34. Bd5 Re8 35. Kg2 Qe2+ 36. Qf2 Qg4+ 37. Kf1 Qd1+ 38. Kg2 Re2 0-1

[Event "DEM U14w 2009"]
[Site "Willingen GER"]
[Date "2009.05.31"]
[Round "2"]
[White "Schmalhorst, Sophia"]
[Black "Lange, Anika"]
[Result "1-0"]
[Termination "normal"]
[Board "8"]
[WhiteElo "1843"]
[BlackElo "1275"]
[PlyCount "53"]
[WhiteFideId "24682497"]
[BlackFideId "24693405"]
[EventCountry "GER"]
[EventRounds "9"]
[EventType "swiss"]
[EventDate "2009.05.30"]

1. e4 c5 2. Nf3 Nc6 3. d4 cxd4 4. Nxd4 g6 5. Nc3 Bg7 6. Be3 d6 7. f3 Nf6 8. Qd2
O-O 9. O-O-O Bd7 10. g4 Qc7 11. Kb1 a6 12. h4 b5 13. h5 b4 14. Nce2 a5 15. Bh6
Rab8 16. Bxg7 Kxg7 17. hxg6 fxg6 18. Qh6+ Kf7 19. g5 Nh5 20. Qxh7+ Ng7 21. Nf4
Ne5 22. Nf5 gxf5 23. g6+ Ke8 24. Qxg7 Bc8 25. Nd5 Qb7 26. Bb5+ Kd8 27. Qxf8#
1-0

[Event "DEM U14w 2009"]
[Site "Willingen GER"]
[Date "2009.05.31"]
[Round "2"]
[White "Schäfer, Ann-Kathrin"]
[Black "Puffay, Jana"]
[Result "1-0"]
[Termination "normal"]
[Board "9"]
[WhiteElo "1647"]
[BlackElo "1204"]
[PlyCount "39"]
[WhiteFideId "24615412"]
[BlackFideId "24692360"]
[EventCountry "GER"]
[EventRounds "9"]
[EventType "swiss"]
[EventDate "2009.05.30"]

1. e4 c5 2. d4 cxd4 3. c3 d3 4. Bxd3 Nc6 5. Nf3 d6 6. O-O Nf6 7. Bg5 e5 8. h3
Be7 9. Nbd2 Be6 10. Re1 O-O 11. Nf1 Nd7 12. Qd2 Nc5 13. Bc2 h6 14. Be3 Bf6 15.
Ng3 Ne7 16. Nh5 Ng6 17. Nxf6+ gxf6 18. Bxh6 Re8 19. b4 Nd7 20. Qxd6 1-0

[Event "DEM U14w 2009"]
[Site "Willingen GER"]
[Date "2009.05.31"]
[Round "2"]
[White "Marx, Inga"]
[Black "Röhlich, Anna"]
[Result "1-0"]
[Termination "normal"]
[Board "10"]
[WhiteElo "1460"]
[BlackElo "1175"]
[PlyCount "53"]
[WhiteFideId "4654749"]
[EventCountry "GER"]
[EventRounds "9"]
[EventType "swiss"]
[EventDate "2009.05.30"]

1. e4 e6 2. d4 d5 3. e5 c5 4. c3 Nc6 5. Nf3 Qb6 6. a3 a5 7. Bd3 a4 8. Bc2 Bd7
9. O-O Nge7 10. dxc5 Qxc5 11. Be3 Qa5 12. Bd3 Nf5 13. Bxf5 exf5 14. Qd3 Be6 15.
Nbd2 Qc7 16. Bf4 Be7 17. Rfe1 O-O 18. Nf1 Rad8 19. Ne3 Qd7 20. Nc2 Qc7 21. Ncd4
Nxd4 22. Nxd4 Qd7 23. Rac1 h6 24. Be3 Bc5 25. Nxe6 Qxe6 26. Bxc5 Rfe8 27. Qb5
1-0

[Event "DEM U14w 2009"]
[Site "Willingen GER"]
[Date "2009.05.31"]
[Round "2"]
[White "Spangenberg, Romy"]
[Black "Schünemann, Anne"]
[Result "1-0"]
[Termination "normal"]
[Board "11"]
[WhiteElo "1453"]
[BlackElo "1102"]
[PlyCount "73"]
[WhiteFideId "4627997"]
[EventCountry "GER"]
[EventRounds "9"]
[EventType "swiss"]
[EventDate "2009.05.30"]

1. e4 c6 2. d4 d5 3. e5 Bf5 4. Nf3 e6 5. c4 Nd7 6. Nc3 Qa5 7. Bd2 Qc7 8. Rc1 f6
9. cxd5 fxe5 10. dxc6 bxc6 11. dxe5 Nxe5 12. Nxe5 Qxe5+ 13. Be2 Bd6 14. Qa4 Ne7
15. Qh4 Ng6 16. Qg3 Nf4 17. Bxf4 Qxf4 18. Rd1 Bc2 19. Rxd6 Qc1+ 20. Nd1 Rd8 21.
Rxd8+ Kxd8 22. Qb8+ Ke7 23. Qxh8 Kf7 24. O-O Qg5 25. Qc8 Be4 26. Qd7+ Kf8 27.
Qd6+ Kf7 28. Qg3 Qd2 29. Qe3 Qc2 30. Qxa7+ Kg6 31. Qe3 h6 32. Bf3 Bf5 33. Qc3
Qb1 34. a4 Bd3 35. Re1 Bc2 36. Qxc2+ Qxc2 37. Be4+ 1-0

[Event "DEM U14w 2009"]
[Site "Willingen GER"]
[Date "2009.05.31"]
[Round "2"]
[White "Lehmann, Patricia"]
[Black "Liez, Franziska"]
[Result "1-0"]
[Termination "normal"]
[Board "13"]
[WhiteElo "1378"]
[BlackElo "1037"]
[PlyCount "93"]
[WhiteFideId "12900060"]
[BlackFideId "1271766"]
[EventCountry "GER"]
[EventRounds "9"]
[EventType "swiss"]
[EventDate "2009.05.30"]

1. d4 d5 2. c4 e6 3. Nc3 Nf6 4. Nf3 c6 5. Bg5 Be7 6. e3 Nbd7 7. Be2 dxc4 8.
Bxc4 b5 9. Bd3 a6 10. O-O Bb7 11. a3 c5 12. dxc5 Nxc5 13. Bc2 O-O 14. Re1 Re8
15. b4 Nce4 16. Nxe4 Nxe4 17. Bxe7 Qxe7 18. Qd4 f5 19. Red1 Red8 20. Qb2 Rac8
21. Nd4 Qf6 22. f3 Ng5 23. Rac1 Qg6 24. Rf1 Qf6 25. Bb1 Nf7 26. Qf2 Nd6 27. Ba2
Re8 28. Rfd1 Nc4 29. a4 Bd5 30. Bxc4 Bxc4 31. axb5 axb5 32. Ra1 e5 33. Ne2 Qe7
34. Rdb1 Bd3 35. Rb3 e4 36. f4 Qe6 37. Nd4 Qd5 38. Rb2 g6 39. Qh4 Kg7 40. Ra7+
Qf7 41. Rxf7+ Kxf7 42. Ra2 Re7 43. Ra6 Rd8 44. Qf6+ Ke8 45. Nc6 Kd7 46. Qxe7+
Kc8 47. Ra8# 1-0

[Event "DEM U14w 2009"]
[Site "Willingen GER"]
[Date "2009.06.01"]
[Round "3"]
[White "Schäfer, Daniela"]
[Black "Kuckling, Hannah"]
[Result "1/2-1/2"]
[Termination "normal"]
[Board "1"]
[WhiteElo "1905"]
[BlackElo "1525"]
[PlyCount "104"]
[WhiteFideId "4624769"]
[BlackFideId "24603660"]
[EventCountry "GER"]
[EventRounds "9"]
[EventType "swiss"]
[EventDate "2009.05.30"]

1. e4 Nf6 2. e5 Nd5 3. d4 d6 4. Nf3 Nc6 5. Bc4 Nb6 6. Bb3 dxe5 7. Nxe5 Nxe5 8.
dxe5 Qxd1+ 9. Kxd1 Bf5 10. Nc3 e6 11. Be3 O-O-O+ 12. Ke2 Nd7 13. Bg5 f6 14.
exf6 gxf6 15. Be3 Bc5 16. Rad1 Bxe3 17. Kxe3 Nc5 18. f3 Nxb3 19. cxb3 h5 20. g3
c6 21. Ne4 Bxe4 22. Kxe4 Rd5 23. Rxd5 cxd5+ 24. Kd4 Kd7 25. Rc1 Rc8 26. Rc3 Rc6
27. h4 Kd6 28. a3 e5+ 29. Kd3 d4 30. Rxc6+ Kxc6 31. g4 Kd6 32. Ke4 Ke6 33. b4
b5 34. b3 a6 35. a4 Kf7 36. Kd3 Kg6 37. Ke4 hxg4 38. fxg4 Kg7 39. Kd3 Kh6 40.
Ke4 Kg6 41. a5 Kg7 42. h5 Kh6 43. Kd3 f5 44. gxf5 Kxh5 45. Ke4 Kg5 46. Kxe5 d3
47. f6 d2 48. f7 d1=Q 49. f8=Q Qe1+ 50. Kd5 Qh1+ 51. Ke6 Qe4+ 52. Kd7 Qg4+
1/2-1/2

[Event "DEM U14w 2009"]
[Site "Willingen GER"]
[Date "2009.06.01"]
[Round "3"]
[White "Kühnel, Lena"]
[Black "Rethmann, Kristin"]
[Result "1/2-1/2"]
[Termination "normal"]
[Board "2"]
[WhiteElo "1728"]
[BlackElo "1748"]
[PlyCount "57"]
[WhiteFideId "24640956"]
[BlackFideId "24655805"]
[EventCountry "GER"]
[EventRounds "9"]
[EventType "swiss"]
[EventDate "2009.05.30"]

1. e4 c6 2. d4 d5 3. Nc3 dxe4 4. Nxe4 Bf5 5. Ng3 Bg6 6. Nf3 Nd7 7. h4 h6 8. h5
Bh7 9. Bd3 Bxd3 10. Qxd3 e6 11. Bd2 Ngf6 12. c4 Be7 13. Bc3 O-O 14. O-O Qc7 15.
Rfe1 Rad8 16. Qc2 Rfe8 17. Rad1 c5 18. b3 Bd6 19. Ne4 Nxh5 20. Nxd6 Qxd6 21.
dxc5 Qxc5 22. Rxd7 Rxd7 23. Re5 Qd6 24. Rxh5 Qd1+ 25. Qxd1 Rxd1+ 26. Kh2 b6 27.
Rh3 f6 28. Nd4 e5 29. Nc6 1/2-1/2

[Event "DEM U14w 2009"]
[Site "Willingen GER"]
[Date "2009.06.01"]
[Round "3"]
[White "Kostré, Margarita"]
[Black "Schätz, Bianca"]
[Result "1/2-1/2"]
[Termination "normal"]
[Board "3"]
[WhiteElo "1747"]
[BlackElo "1458"]
[PlyCount "67"]
[WhiteFideId "4673344"]
[BlackFideId "24655821"]
[EventCountry "GER"]
[EventRounds "9"]
[EventType "swiss"]
[EventDate "2009.05.30"]

1. e4 c5 2. Nf3 Nc6 3. d4 cxd4 4. Nxd4 g6 5. c4 Bg7 6. Be3 Nf6 7. Nc3 O-O 8.
Be2 d6 9. O-O Bd7 10. Qd2 Nxd4 11. Bxd4 Bc6 12. f3 a5 13. Rac1 a4 14. Rfd1 Qa5
15. Qd3 Nd7 16. Nd5 Bxd5 17. cxd5 Bxd4+ 18. Qxd4 Rfc8 19. f4 Qb6 20. Qxb6 Nxb6
21. Kf2 f6 22. Bg4 Rc4 23. Rxc4 Nxc4 24. Rc1 Nxb2 25. Rc7 Kf8 26. Rxb7 Nd3+ 27.
Ke3 Nc5 28. Rc7 Rb8 29. Rc8+ Rxc8 30. Bxc8 Ke8 31. Be6 Kd8 32. Kd4 Kc7 33. Bg8
h6 34. e5 1/2-1/2

[Event "DEM U14w 2009"]
[Site "Willingen GER"]
[Date "2009.06.01"]
[Round "3"]
[White "Tran, My Linh"]
[Black "Pohl, Theresa"]
[Result "0-1"]
[Termination "normal"]
[Board "4"]
[WhiteElo "1813"]
[BlackElo "1700"]
[PlyCount "44"]
[WhiteFideId "24682462"]
[EventCountry "GER"]
[EventRounds "9"]
[EventType "swiss"]
[EventDate "2009.05.30"]

1. e4 e6 2. Nf3 d5 3. Nc3 d4 4. Ne2 c5 5. c3 Nc6 6. cxd4 Nf6 7. d5 exd5 8. exd5
Nxd5 9. g3 Ndb4 10. d4 Bf5 11. Nf4 Nc2+ 12. Ke2 Nxa1 13. Bg2 Nc2 14. d5 N6d4+
15. Nxd4 Nxd4+ 16. Kf1 Bd6 17. h3 O-O 18. Kg1 Re8 19. Kh2 Bxf4 20. Bxf4 Be4 21.
Bxe4 Rxe4 22. Be3 Qxd5 0-1

[Event "DEM U14w 2009"]
[Site "Willingen GER"]
[Date "2009.06.01"]
[Round "3"]
[White "Zeller, Elisa"]
[Black "Schmalhorst, Sophia"]
[Result "0-1"]
[Termination "normal"]
[Board "5"]
[WhiteElo "1662"]
[BlackElo "1843"]
[PlyCount "106"]
[WhiteFideId "24662410"]
[BlackFideId "24682497"]
[EventCountry "GER"]
[EventRounds "9"]
[EventType "swiss"]
[EventDate "2009.05.30"]

1. e4 e5 2. Nf3 Nc6 3. Bb5 a6 4. Ba4 Nf6 5. O-O b5 6. Bb3 Be7 7. Re1 d6 8. h3
O-O 9. c3 Re8 10. d4 h6 11. Nbd2 Bf8 12. d5 Ne7 13. a4 Bd7 14. axb5 axb5 15.
Ra3 Ng6 16. Nb1 Nh5 17. Nd4 Nhf4 18. Ne2 Qg5 19. Nxf4 exf4 20. Kh1 Qh4 21. Qf3
h5 22. Kg1 Rxa3 23. Nxa3 Re5 24. Bc2 Qg5 25. g3 Bxh3 26. Bxf4 Nh4 27. Qh1 Qg6
28. Bxe5 dxe5 29. Bd1 Ng2 30. Re2 Nf4 31. Re1 h4 32. Qh2 Bc5 33. Re3 Bxe3 34.
fxe3 hxg3 35. Qc2 Ng2 36. Qd3 Qg5 37. Nc2 Nh4 38. Qe2 Qg6 39. Qd3 Bg4 40. Bxg4
Qxg4 41. Ne1 Nf3+ 42. Nxf3 Qxf3 43. Qd2 Qxe4 44. Qe1 Qf3 45. b4 Kf8 46. Qd2 Ke7
47. e4 Qf4 48. Qe1 Kd6 49. Qe2 f5 50. exf5 Qxf5 51. Qe1 Qf2+ 52. Qxf2 gxf2+ 53.
Kxf2 Kxd5 0-1